Historia państwa-Armenia - Statystyki

Ogólne statystyki
  • Ten quiz został rozwiązany 16 razy
  • Średni wynik to 1 z 10
Statystyki odpowiedzi
Które z kolei Państwo % Poprawnych
10 Armenia
93%
1 Królestwo Armenii
29%
8 Republika Armenii
7%
3 Armenia Bizantyjska
0%
9 Armeńska Socjalistyczna Republika Radziecka / ASRR
0%
7 Diaspora Ormiańska
0%
6 Ormiańskie Królestwo Cylicji
0%
5 Ormiańskie Księstwo Cylicji
0%
2 Sasańska armenia
0%
4 Seldżucka Armenia
0%
Nie znaleziono quizów pasujących do podanych kryteriów
Rozkład punktacji
Procent ludzi z każdym wynikiem
Percentyl według liczby udzielonych odpowiedzi
Twoja historia wyników
Nie rozwiązałeś tego quizu